Pintura abstracta española 19601970 (Record no. 7391)

MARC details
000 - LÍDER
campo de control de longitud fija 00757nam a2200193Ia 4500
008 - ELEMENTOS DE DATOS DE LONGITUD FIJA - INFORMACIÓN GENERAL
campo de control de longitud fija 0000001982 sp a 0000000000spa00
090 ## - NÚMERO DE LLAMADA DE TIPO LC LOCALMENTE ASIGNADO (OCLC)
Número de clasificación (OCLC) (R) PSP00 S15p
100 1# - ENTRADA PRINCIPAL - NOMBRE PERSONAL
Nombre de la persona Santos Torroella, Rafael
245 10 - TÍTULO DECLARACIÓN
Título Pintura abstracta española 19601970
Declaración de responsabilidad / texto Rafael Santos Torroella
260 ## - PUBLICACIÓN, DISTRIBUCIÓN
Lugar de publicación Madrid : Fundación Juan March
Fecha de publicación 1982
300 ## - DESCRIPCIÓN FÍSICA
Alcance [40] p.
Dimensiones / 22 cm.
500 ## - NOTA GENERAL
Nota general Exposición realizada en la Fundación Juan March, Madrid, Mayo 28 Julio 11, 1982 \ Con el patronazgo del maestro venezolano Jesús Rafael Soto (q.e.p.d.) \
650 14 - ENTRADA DE SUJETO AÑADIDO - TÉRMINO TÓPICO
Término tópico o elemento de entrada del nombre geográfico ARTE CONTEMPORANEO ESPAÑOL
650 14 - ENTRADA DE SUJETO AÑADIDO - TÉRMINO TÓPICO
Subdivisión general CATALOGOS
650 14 - ENTRADA DE SUJETO AÑADIDO - TÉRMINO TÓPICO
Subdivisión general EXPOSICIONES
650 14 - ENTRADA DE SUJETO AÑADIDO - TÉRMINO TÓPICO
Término tópico o elemento de entrada del nombre geográfico PINTORES ESPAÑOLES
650 14 - ENTRADA DE SUJETO AÑADIDO - TÉRMINO TÓPICO
Término tópico o elemento de entrada del nombre geográfico PINTURA ABSTRACTA ESPAÑOLA
650 14 - ENTRADA DE SUJETO AÑADIDO - TÉRMINO TÓPICO
Término tópico o elemento de entrada del nombre geográfico PINTURA ESPAÑOLA
Holdings
Estado de retirada Pérdida de estatus Estado dañado No para préstamo Código de recogida Ubicación permanente Ubicación actual Ubicación de las estanterías Fecha de adquisición Número de llamada completo Código de barras Fecha de la última vez que se vio Número de copia Precio efectivo desde Tipo de artículo Koha
        General ArtNexus ArtNexus General 06/09/2022 P-SP-00 S15P 7395 06/09/2022 Ej.1 06/09/2022 Libro

Powered by Koha